De la ciutat sense barreres a la ciutat per a tothom / Francesc Aragall i Clavé
ISBN:
84-7794-833-X
Descripción Física:
178 p. : il. ; 24 cm
Colección:
Espai públic urbà ; 5
MARC
| LEADER | 00000nam a2200000Ia 4500 | ||
|---|---|---|---|
| 001 | 13569 | ||
| 008 | 160829s9999 xx 000 0 cat d | ||
| 020 | |a 84-7794-833-X | ||
| 080 | |a B-1-401 | ||
| 100 | |a Aragall, Francesc |9 23678 | ||
| 245 | |a De la ciutat sense barreres a la ciutat per a tothom / Francesc Aragall i Clavé | ||
| 260 | |a Barcelona : |b Diputació de Barcelona, Xarxa de Municipis, Àrea de Cooperació, DL 2002 | ||
| 300 | |a 178 p. : |b il. ; |c 24 cm | ||
| 490 | |a Espai públic urbà ; 5 | ||
| 650 | 0 | |a Supressió de barreres arquitectòniques |9 8056 | |
| 650 | |a Rehabilitació urbana |9 34439 | ||
| 650 | |a Urbanisme |x Aspectes socials |x Catalunya |9 23681 | ||
| 710 | 1 | |a Barcelona (Catalunya : Província). |b Àrea de Cooperació |9 54368 | |
| 901 | |a Arxiu | ||
| 942 | |n 1 | ||
| 952 | |0 0 |1 0 |4 0 |6 B1401 |7 1 |9 42806 |a Arxiu |b Arxiu |d 2016-12-01 |l 0 |o B-1-401 |p 13569 |r 2016-12-01 00:00:00 |w 2016-12-01 |y ARXIU | ||
| 999 | |c 45312 |d 45312 | ||